La “dimensione giuridica” dell’extracomunitario Verso un diritto comune? /

Bibliographic Details
Main Author: Sannelli, Angelo
Format: eBook
Language:Italian
Published: Taranto : Fondazione Scuola Forense, 2010
Subjects:
Online Access:Acceso restringido

MARC

LEADER 00000nam a22000007a 4500
005 20110923103953.0
008 110923s2010 it |||||s|||| 00||0 ita d
035 |a 5037 
040 |a vLex 
090 |c 2543  |d 2543 
100 1 |a Sannelli, Angelo 
245 1 4 |a La “dimensione giuridica” dell’extracomunitario  |h [Recurso electrn̤ico] :  |b Verso un diritto comune? /  |c Angelo Sannelli  
256 |a Servicio en ln̕ea. 
260 |a Taranto :  |b Fondazione Scuola Forense,  |c 2010 
300 |a 1 recurso electrn̤ico 
506 1 |a Contenido solo disponible en los productos indicados  |d vLex Global  |d vLex Global (Academic Edition, excluding Law Schools)  |d vLex Global (U.S. Academic Edition, Law Schools)  |d vLex Global (U.S. Academic Edition, excluding Law Schools)  |d vLex Global (Academic Edition, Law Schools) 
650 0 4 |a Jurisprudencia 
650 0 4 |a Derecho internacional 
740 0 |a vLex Libros (Servicio en ln̕ea) 
856 4 0 |u http://vlex.com/source/dimensione-giuridica-extracomunitario-5037  |z Acceso restringido 
942 |c BOOK